[Event "Oviedo op 9th"]
[Site "Oviedo"]
[Date "2023.07.25"]
[Round "2"]
[White "Roque, Gaetan"]
[Black "Gines Esteo, Pedro Antonio"]
[Result "0-1"]
[WhiteElo "2116"]
[BlackElo "2495"]
[PlyCount "72"]
[EventDate "2023.07.24"]
[EventType "swiss"]
[EventRounds "9"]
[EventCountry "ESP"]
[SourceTitle "CBM 215 Extra"]
[Source "ChessBase"]
[SourceDate "2023.09.30"]
[SourceVersion "1"]
[SourceVersionDate "2023.09.30"]
[SourceQuality "1"]

1. d4 Nf6 2. Bf4 d5 3. e3 c5 4. c3 Nc6 5. Nd2 cxd4 6. exd4 Bg4 7. Ngf3 e6 8. h3 Bh5 9. Qb3 Qc8 10. Ne5 Be7 11. g4 Bg6 12. Qa4 0-0 13. Nxc6 Qxc6 14. Qxc6 bxc6 15. Ba6 c5 16. 0-0 h5 17. f3 Ne8 18. Nb3 cxd4 19. cxd4 Nd6 20. Na5 Rfe8 21. Nc6 Bf8 22. Bxd6 Bxd6 23. Bb7 Rab8 24. Nxb8 Rxb8 25. Bc6 Rxb2 26. Rf2 Rb6 27. Rc1 Ba3 28. Rc3 Bb2 29. Rxb2 Rxb2 30. Ra3 Rb6 31. Bd7 Rb7 32. Ba4 Rb4 33. Bb3 Rxd4 34. Rxa7 Rd2 35. f4 Be4 36. Rd7 hxg4 0-1

[Event "Noisiel op 8th"]
[Site "Noisiel"]
[Date "2023.02.18"]
[Round "1"]
[White "Roque, Gaetan"]
[Black "Iniyan, Panneerseluam"]
[Result "0-1"]
[WhiteElo "2124"]
[BlackElo "2514"]
[PlyCount "42"]
[EventDate "2023.02.18"]
[EventType "swiss"]
[EventRounds "9"]
[EventCountry "FRA"]
[SourceTitle "CBM 212 Extra"]
[Source "ChessBase"]
[SourceDate "2023.03.31"]
[SourceVersion "1"]
[SourceVersionDate "2023.03.31"]
[SourceQuality "1"]

1. d4 Nf6 2. Nf3 g6 3. Bf4 Bg7 4. e3 d6 5. h3 0-0 6. Be2 Nfd7 7. 0-0 e5 8. Bg3 Nc6 9. c4 h6 10. Nc3 f5 11. Nd5 a5 12. dxe5 dxe5 13. Qc2 Nb4 14. Nxb4 axb4 15. c5 Kh7 16. Rfd1 Qe7 17. Rd5 c6 18. Rd6 Ra5 19. Rad1 Nxc5 20. a3 Ne4 21. axb4 Ra8 0-1

[Event "Sitges Sunway 7th"]
[Site "Sitges"]
[Date "2020.12.23"]
[Round "10"]
[White "Roque, Gaetan"]
[Black "Follana Albelda, Lucia"]
[Result "0-1"]
[WhiteElo "2132"]
[BlackElo "1884"]
[PlyCount "92"]
[EventDate "2020.12.13"]
[EventType "swiss"]
[EventRounds "10"]
[EventCountry "ESP"]
[SourceTitle "CBM 199 Extra"]
[Source "ChessBase"]
[SourceDate "2021.01.31"]
[SourceVersion "1"]
[SourceVersionDate "2021.01.31"]
[SourceQuality "1"]

1. d4 g6 2. c4 Bg7 3. Nf3 Nf6 4. Nc3 0-0 5. e4 d6 6. Be2 e5 7. dxe5 dxe5 8. Qxd8 Rxd8 9. Bg5 Re8 10. Nd5 Nxd5 11. cxd5 c6 12. Bc4 cxd5 13. Bxd5 Nd7 14. Nd2 Nc5 15. Ke2 Ne6 16. Be3 Nf4+ 17. Bxf4 exf4 18. Rac1 Re7 19. Rc2 Be6 20. Bxe6 Rxe6 21. Rc7 Ra6 22. a3 b5 23. Rb7 Rb6 24. Rxb6 axb6 25. Rb1 b4 26. axb4 Ra4 27. b3 Rxb4 28. Rc1 Bh6 29. f3 Bf8 30. Rc8 Kg7 31. Kd3 Rb5 32. Kc3 Rg5 33. Nc4 b5 34. Nb6 Rxg2 35. Nd7 Be7 36. Rb8 b4+ 37. Kc4 Rc2+ 38. Kb5 Rc3 39. Re8 Bh4 40. Kxb4 Rxf3 41. Ne5 Re3 42. Nc4 Rd3 43. Nb2 Be1+ 44. Kc4 Rc3+ 45. Kd4 Rxb3 46. Nd3 f3 0-1

[Event "EU-ch Online 2300+ Final"]
[Site "Chess.com INT"]
[Date "2020.05.30"]
[Round "3"]
[White "Kopylov, Michael"]
[Black "Roque, Gaetan"]
[Result "0-1"]
[WhiteElo "2407"]
[BlackElo "2128"]
[PlyCount "76"]
[EventDate "2020.05.30"]
[EventType "swiss"]
[EventRounds "8"]
[EventCountry "NET"]
[SourceTitle "CBM 196 Extra"]
[Source "ChessBase"]
[SourceDate "2020.07.31"]
[SourceVersion "1"]
[SourceVersionDate "2020.07.31"]
[SourceQuality "1"]

1. d4 d5 2. c4 dxc4 3. e4 b5 4. a4 c6 5. Nc3 a6 6. Nf3 Bb7 7. g3 e6 8. Bg2 Ne7 9. 0-0 Nd7 10. Qe2 Ng6 11. Rd1 Be7 12. h4 0-0 13. h5 Nh8 14. d5 cxd5 15. exd5 exd5 16. Nxd5 Re8 17. h6 Ng6 18. hxg7 Bc5 19. Qc2 Nf6 20. Bg5 Bxd5 21. Bxf6 Qxf6 22. Rxd5 Ba7 23. Rad1 Rad8 24. axb5 axb5 25. Rxb5 Rxd1+ 26. Qxd1 Ne5 27. Nxe5 Bxf2+ 28. Kf1 Rxe5 29. Rxe5 Bxg3+ 30. Qf3 Qxe5 31. Qc3 Qf4+ 32. Bf3 h5 33. Ke2 h4 34. Qe3 Qf6 35. Qc3 Qb6 36. Bd5 Qf2+ 37. Kd1 Qf1+ 38. Kc2 Qf5+ 0-1

[Event "EU-ch Online 2300+ Qual"]
[Site "Chess.com INT"]
[Date "2020.05.29"]
[Round "2"]
[White "Roque, Gaetan"]
[Black "Rychagov, Andrey"]
[Result "1-0"]
[WhiteElo "2128"]
[BlackElo "2545"]
[PlyCount "37"]
[EventDate "2020.05.29"]
[EventType "swiss"]
[EventRounds "8"]
[EventCountry "NET"]
[SourceTitle "CBM 196 Extra"]
[Source "ChessBase"]
[SourceDate "2020.07.31"]
[SourceVersion "1"]
[SourceVersionDate "2020.07.31"]
[SourceQuality "1"]

1. d4 f5 2. e4 fxe4 3. Nc3 Nf6 4. Bg5 g6 5. f3 d5 6. fxe4 Nxe4 7. Nxe4 dxe4 8. Bb5+ c6 9. Bc4 Bg7 10. Ne2 Nd7 11. 0-0 Nf6 12. Ng3 Bg4 13. Bxf6 Bxd1 14. Bxg7 Bxc2 15. Bxh8 Qb6 16. Be6 c5 17. d5 c4+ 18. Kh1 Bd3 19. Bg7 1-0

[Event "EU-ch Online U2300 Final"]
[Site "Chess.com INT"]
[Date "2020.05.26"]
[Round "3"]
[White "Gorodetzky, Matan"]
[Black "Roque, Gaetan"]
[Result "0-1"]
[WhiteElo "2284"]
[BlackElo "2128"]
[PlyCount "120"]
[EventDate "2020.05.26"]
[EventType "swiss"]
[EventRounds "8"]
[EventCountry "NET"]
[SourceTitle "CBM 196 Extra"]
[Source "ChessBase"]
[SourceDate "2020.07.31"]
[SourceVersion "1"]
[SourceVersionDate "2020.07.31"]
[SourceQuality "1"]

1. e4 Nf6 2. e5 Nd5 3. d4 d6 4. Nf3 dxe5 5. dxe5 Nc6 6. Bb5 Bf5 7. Nd4 Bd7 8. e6 fxe6 9. Bxc6 bxc6 10. Qh5+ g6 11. Qe5 Rg8 12. Nxe6 Qc8 13. Nxf8 Rxf8 14. Bh6 Rf6 15. 0-0 Qa6 16. Nd2 0-0-0 17. c4 Rf5 18. Qd4 Nf6 19. Be3 Be6 20. Qc3 Ng4 21. b3 c5 22. h3 Nxe3 23. Qxe3 Qd6 24. Ne4 Qd4 25. Qxd4 cxd4 26. Rad1 Ra5 27. Rd2 Bf5 28. Re1 Re5 29. f3 c5 30. Kf2 Bxe4 31. Rxe4 Rxe4 32. fxe4 e5 33. Ke2 a5 34. Kd3 Rf8 35. a3 Kc7 36. Rb2 Rf1 37. b4 axb4 38. axb4 Re1 39. bxc5 Re3+ 40. Kd2 Rxe4 41. Ra2 Kc6 42. Ra7 Rf4 43. Rxh7 Rf2+ 44. Kd3 Rxg2 45. Re7 Rg3+ 46. Kd2 Re3 47. Re6+ Kxc5 48. Rxg6 Kxc4 49. h4 Rh3 50. Rg4 Rh2+ 51. Ke1 Kd3 52. Rg3+ Ke4 53. Rg4+ Kf3 54. Rg5 e4 55. h5 e3 56. Rf5+ Ke4 57. Rf8 Rxh5 58. Ke2 Rh2+ 59. Ke1 Kd3 60. Rf1 Ra2 0-1

[Event "EU-ch Online U2300 Final"]
[Site "Chess.com INT"]
[Date "2020.05.26"]
[Round "4"]
[White "Roque, Gaetan"]
[Black "Baranow, Sergey"]
[Result "1/2-1/2"]
[WhiteElo "2128"]
[BlackElo "2192"]
[PlyCount "125"]
[EventDate "2020.05.26"]
[EventType "swiss"]
[EventRounds "8"]
[EventCountry "NET"]
[SourceTitle "CBM 196 Extra"]
[Source "ChessBase"]
[SourceDate "2020.07.31"]
[SourceVersion "1"]
[SourceVersionDate "2020.07.31"]
[SourceQuality "1"]

1. d4 d5 2. Bf4 Nf6 3. e3 e6 4. Nd2 Bd6 5. Bg3 0-0 6. Bd3 b6 7. Ngf3 Bb7 8. Ne5 Nbd7 9. 0-0 Qe7 10. c3 Rac8 11. f4 c5 12. Bh4 Qe8 13. Bxf6 Nxf6 14. Qf3 Nd7 15. Bb5 Bxe5 16. fxe5 f5 17. exf6 Rxf6 18. Bxd7 Qxd7 19. Qg3 Rcf8 20. Rxf6 Rxf6 21. Rf1 Rxf1+ 22. Nxf1 Ba6 23. Nd2 h6 24. Nf3 Qb5 25. h4 Qxb2 26. Qe5 Qb1+ 27. Kh2 Qe4 28. Qxe4 dxe4 29. Ne5 cxd4 30. cxd4 Be2 31. Kg3 g5 32. hxg5 hxg5 33. Kf2 Ba6 34. Nc6 Bc4 35. Nxa7 Bxa2 36. Nc8 b5 37. Ke1 b4 38. Ne7+ Kf7 39. Nc6 b3 40. Ne5+ Kf6 41. Nc4 Kf5 42. Kd2 Kg4 43. Kc3 Kg3 44. Nd2 Kxg2 45. Nxe4 g4 46. Nd2 Kf2 47. Ne4+ Kxe3 48. Ng5 g3 49. Nh3 g2 50. Kb2 Kxd4 51. Nf4 e5 52. Nxg2 e4 53. Nh4 Ke3 54. Ng6 Kf2 55. Ne5 Kg3 56. Nc4 Kf2 57. Ne5 Ke1 58. Ng4 Kd2 59. Ne5 Ke3 60. Ng6 Kd4 61. Nh4 Ke5 62. Ng2 Kd4 63. Nh4 1/2-1/2

[Event "FRA-ch Blitz Online Qual"]
[Site "Europe Echecs INT"]
[Date "2020.05.16"]
[Round "2"]
[White "Cadieu, Corentin"]
[Black "Roque, Gaetan"]
[Result "1-0"]
[WhiteElo "1524"]
[BlackElo "2128"]
[PlyCount "143"]
[EventDate "2020.05.16"]
[EventType "swiss (blitz)"]
[EventRounds "15"]
[EventCountry "FRA"]
[SourceTitle "CBM 196 Extra"]
[Source "ChessBase"]
[SourceDate "2020.07.31"]
[SourceVersion "1"]
[SourceVersionDate "2020.07.31"]
[SourceQuality "1"]

1. d4 d5 2. Bf4 Nf6 3. Nf3 e6 4. e3 c5 5. c3 Qb6 6. Qc2 Nc6 7. Nbd2 Bd7 8. Bd3 Rc8 9. 0-0 Be7 10. Rac1 h6 11. Qb1 0-0 12. Ne5 Nxe5 13. Bxe5 Bb5 14. Bxb5 Qxb5 15. Nf3 Ne4 16. Rfd1 Qd7 17. Nd2 Nxd2 18. Rxd2 b5 19. dxc5 Bxc5 20. e4 Rfd8 21. Rcd1 Qb7 22. exd5 exd5 23. Qf5 Rd7 24. h3 Rcd8 25. Qg4 Bf8 26. Rd3 Re7 27. Bf6 Re4 28. Qg3 Rde8 29. Bd4 Qa6 30. a3 Re1+ 31. Rxe1 Rxe1+ 32. Kh2 Bd6 33. f4 Bf8 34. Qxe1 b4 35. Rg3 bxa3 36. bxa3 Qxa3 37. Qe5 f6 38. Qxf6 Qe7 39. Qxe7 Bxe7 40. Bxa7 Kf8 41. Bd4 g5 42. fxg5 hxg5 43. Rf3+ Ke8 44. Bf6 Bd6+ 45. Kh1 g4 46. hxg4 Kf7 47. g5 Kg6 48. Rd3 Bf4 49. Rxd5 Be3 50. Ra5 Bd2 51. Ra6 Kh5 52. c4 Be3 53. Be7 Kg4 54. c5 Bf4 55. c6 Kf5 56. Ra7 Ke6 57. Bf6 Be3 58. c7 Kd7 59. Rb7 Kc8 60. Rb3 Bf4 61. Rc3 Bd6 62. Bd8 Be5 63. Re3 Bxc7 64. Bxc7 Kxc7 65. g6 Kd7 66. g7 Kd6 67. g8Q Kc5 68. Qd8 Kc6 69. Re7 Kb5 70. Rc7 Kb6 71. Qb8+ Ka6 72. Ra7# 1-0

[Event "FRA-ch Blitz Online Qual"]
[Site "Europe Echecs INT"]
[Date "2020.05.16"]
[Round "14"]
[White "Nasuta, Grzegorz"]
[Black "Roque, Gaetan"]
[Result "0-1"]
[WhiteElo "2558"]
[BlackElo "2128"]
[PlyCount "124"]
[EventDate "2020.05.16"]
[EventType "swiss (blitz)"]
[EventRounds "15"]
[EventCountry "FRA"]
[SourceTitle "CBM 196 Extra"]
[Source "ChessBase"]
[SourceDate "2020.07.31"]
[SourceVersion "1"]
[SourceVersionDate "2020.07.31"]
[SourceQuality "1"]

1. e4 Nf6 2. e5 Nd5 3. d4 d6 4. c4 Nb6 5. exd6 cxd6 6. Nc3 g6 7. Be3 Bg7 8. Rc1 0-0 9. b3 Nc6 10. d5 Ne5 11. h3 e6 12. dxe6 Bxe6 13. Be2 d5 14. c5 Nc8 15. Bd4 Ne7 16. Nf3 Nxf3+ 17. Bxf3 Bxd4 18. Qxd4 Nf5 19. Qd2 Rc8 20. Ne2 b6 21. cxb6 Rxc1+ 22. Qxc1 Qxb6 23. 0-0 Nh4 24. Qf4 Nxf3+ 25. Qxf3 Rd8 26. Rd1 d4 27. Ng3 a5 28. Ne4 Bf5 29. Ng3 Bc2 30. Rd2 d3 31. Qf4 Qb4 32. Ne4 Rd4 33. Nf6+ Kf8 34. Qh6+ Ke7 35. Qg5 Ke6 36. Ng4 Re4 37. Qf6+ Kd5 38. Qxf7+ Kd6 39. Qf8+ Kd7 40. Qxb4 Re1+ 41. Kh2 axb4 42. Ne3 Bb1 43. Kg3 Kc6 44. Kf3 Kc5 45. Ke4 Re2 46. Rd1 Bc2 47. Rc1 Rxf2 48. Nxc2 Rxc2 49. Rd1 d2 50. Kd3 Rxa2 51. g4 Rb2 52. Rh1 Rxb3+ 53. Kxd2 Rg3 54. Kc2 Kc4 55. Rh2 g5 56. h4 h6 57. hxg5 hxg5 58. Rh8 Rg2+ 59. Kb1 Rxg4 60. Rh3 Rg1+ 61. Kb2 Rg2+ 62. Kb1 g4 0-1

[Event "FRA-ch Blitz Online Qual"]
[Site "Europe Echecs INT"]
[Date "2020.05.16"]
[Round "12"]
[White "Philippe, Guillaume"]
[Black "Roque, Gaetan"]
[Result "1/2-1/2"]
[WhiteElo "2354"]
[BlackElo "2128"]
[PlyCount "110"]
[EventDate "2020.05.16"]
[EventType "swiss (blitz)"]
[EventRounds "15"]
[EventCountry "FRA"]
[SourceTitle "CBM 196 Extra"]
[Source "ChessBase"]
[SourceDate "2020.07.31"]
[SourceVersion "1"]
[SourceVersionDate "2020.07.31"]
[SourceQuality "1"]

1. f4 Nf6 2. Nf3 d5 3. g3 c6 4. Bg2 Bf5 5. 0-0 e6 6. d3 Be7 7. Nc3 Nbd7 8. Qe1 0-0 9. e4 Bg6 10. e5 Ne8 11. g4 f5 12. exf6 Rxf6 13. g5 Rf7 14. Qxe6 Bf5 15. Qe1 Bc5+ 16. Kh1 Re7 17. Qg3 g6 18. Bd2 Ng7 19. Nh4 Qb6 20. Na4 Qb5 21. Nxc5 Qxc5 22. c3 Rae8 23. Rae1 Qb5 24. Rxe7 Rxe7 25. Re1 Rxe1+ 26. Qxe1 Qxd3 27. Be3 b6 28. Bd4 Be4 29. Bxg7 Kxg7 30. Bxe4 Qxe4+ 31. Qxe4 dxe4 32. Kg2 Nc5 33. Kf1 Nd3 34. Ke2 Nxb2 35. Ng2 Kf7 36. Ke3 Ke6 37. Kxe4 Na4 38. Kd4 c5+ 39. Kc4 a6 40. Ne3 b5+ 41. Kd3 Nb6 42. Ke4 a5 43. h4 Nc8 44. f5+ gxf5+ 45. Nxf5 b4 46. cxb4 cxb4 47. Nd4+ Kd6 48. h5 a4 49. g6 hxg6 50. hxg6 Ne7 51. g7 Kd7 52. Kd3 Ke8 53. Kc4 b3 54. axb3 axb3 55. Kxb3 Kf7 1/2-1/2

[Event "Europe Echecs online op April"]
[Site "Europe Echecs INT"]
[Date "2020.04.11"]
[Round "10"]
[White "Loiseau, Quentin"]
[Black "Roque, Gaetan"]
[Result "1/2-1/2"]
[WhiteElo "2457"]
[BlackElo "2120"]
[PlyCount "171"]
[EventDate "2020.04.11"]
[EventType "swiss (blitz)"]
[EventRounds "11"]
[EventCountry "FRA"]
[SourceTitle "EXT 2021"]
[Source "ChessBase"]
[SourceDate "2020.10.23"]
[SourceVersion "1"]
[SourceVersionDate "2020.10.23"]
[SourceQuality "1"]

1. Nf3 Nf6 2. c4 e6 3. g3 d5 4. d4 Be7 5. Bg2 0-0 6. 0-0 Nc6 7. Qc2 Nb4 8. Qb3 c5 9. a3 Nc6 10. cxd5 exd5 11. dxc5 Bxc5 12. Nc3 d4 13. Na4 Be7 14. Qd3 Bg4 15. b3 Qd7 16. Nb2 Bf5 17. Qd1 Ne4 18. Bf4 g5 19. Ne5 Nxe5 20. Bxe5 Nc3 21. Qd2 f6 22. g4 Bxg4 23. f3 fxe5 24. fxg4 Qxg4 25. Nd3 Qxe2 26. Qxe2 Nxe2+ 27. Kh1 Bd6 28. Rfe1 Nf4 29. Nxe5 Bxe5 30. Rxe5 Nxg2 31. Kxg2 h6 32. Rd1 Rad8 33. Re4 d3 34. Re3 d2 35. Re2 Rd3 36. b4 Rfd8 37. Re7 Rxa3 38. Rxb7 Rc3 39. Kf2 a6 40. Rb6 Kg7 41. Ke2 Rh3 42. Rxa6 Rxh2+ 43. Ke3 Rh3+ 44. Ke2 Rb3 45. Ra7+ Kg6 46. Rb7 g4 47. b5 h5 48. Rxd2 Rxd2+ 49. Kxd2 g3 50. Ke2 h4 51. Rb8 h3 52. Rh8 g2 53. Kf2 Rb2+ 54. Kf3 Rxb5 55. Kf2 Rg5 56. Kg1 Rh5 57. Rg8+ Kf5 58. Kh2 Rg5 59. Rf8+ Ke6 60. Re8+ Kf7 61. Re1 Kg6 62. Rg1 Rh5 63. Ra1 Kg5 64. Ra5+ Kg4 65. Ra4+ Kf3 66. Ra3+ Ke2 67. Ra2+ Kd3 68. Ra3+ Kc2 69. Ra1 Kd2 70. Ra2+ Kc3 71. Ra1 Kd4 72. Ra4+ Ke3 73. Ra3+ Kf4 74. Ra4+ Kg5 75. Ra5+ Kg6 76. Ra6+ Kf7 77. Ra7+ Ke6 78. Ra6+ Kf5 79. Ra5+ Kg4 80. Ra4+ Kf3 81. Ra3+ Ke2 82. Ra2+ Kd3 83. Ra3+ Kc2 84. Ra1 Kb2 85. Re1 Kc2 86. Ra1 1/2-1/2

[Event "Europe Echecs online op April"]
[Site "Europe Echecs INT"]
[Date "2020.04.11"]
[Round "8"]
[White "Navrotescu, Catalin"]
[Black "Roque, Gaetan"]
[Result "0-1"]
[WhiteElo "2339"]
[BlackElo "2120"]
[PlyCount "102"]
[EventDate "2020.04.11"]
[EventType "swiss (blitz)"]
[EventRounds "11"]
[EventCountry "FRA"]
[SourceTitle "EXT 2021"]
[Source "ChessBase"]
[SourceDate "2020.10.23"]
[SourceVersion "1"]
[SourceVersionDate "2020.10.23"]
[SourceQuality "1"]

1. d4 d5 2. Bf4 e6 3. e3 c5 4. c3 Nf6 5. Nd2 Nc6 6. Ngf3 Bd6 7. Bg3 0-0 8. Bd3 h6 9. 0-0 Bxg3 10. hxg3 Qd6 11. dxc5 Qxc5 12. e4 dxe4 13. Nxe4 Nxe4 14. Bxe4 Rd8 15. Qe2 a5 16. a4 Ra6 17. Rfd1 Bd7 18. Rd2 Qe7 19. Qb5 Be8 20. Rad1 Nd4 21. Qxb7 Qxb7 22. Bxb7 Nxf3+ 23. gxf3 Rxd2 24. Rxd2 Rb6 25. Be4 f5 26. Bb1 Bxa4 27. Ba2 f4 28. gxf4 Bb3 29. Bb1 Kf7 30. Rd7+ Kf6 31. Be4 a4 32. Kg2 Bc4 33. Ra7 Bb3 34. Kg3 Rd6 35. Ra8 Rd1 36. Rf8+ Ke7 37. Rb8 Rg1+ 38. Kh2 Rf1 39. Kg2 Re1 40. f5 exf5 41. Bxf5 Re2 42. Rb7+ Kf6 43. Bd7 Rd2 44. Bc6 g5 45. Kg3 h5 46. f4 h4+ 47. Kg2 g4 48. Rb6 Rd6 49. Kg1 Bd5 50. Rb4 Bxc6 51. f5 Rd1+ 0-1

[Event "Europe Echecs online op April"]
[Site "Europe Echecs INT"]
[Date "2020.04.11"]
[Round "11"]
[White "Roque, Gaetan"]
[Black "Stephan, Victor"]
[Result "1-0"]
[WhiteElo "2120"]
[BlackElo "2431"]
[PlyCount "59"]
[EventDate "2020.04.11"]
[EventType "swiss (blitz)"]
[EventRounds "11"]
[EventCountry "FRA"]
[SourceTitle "EXT 2021"]
[Source "ChessBase"]
[SourceDate "2020.10.23"]
[SourceVersion "1"]
[SourceVersionDate "2020.10.23"]
[SourceQuality "1"]

1. d4 Nf6 2. c4 e6 3. Nf3 c5 4. d5 d6 5. Nc3 exd5 6. cxd5 g6 7. h3 Bg7 8. Bf4 0-0 9. e3 a6 10. a4 Nbd7 11. Bxd6 Qb6 12. Bxf8 Qxb2 13. Qc1 Qxc1+ 14. Rxc1 Nxf8 15. Be2 N8d7 16. 0-0 Nb6 17. Rfd1 Bf5 18. a5 Nc8 19. g4 Bd7 20. Ne5 Nd6 21. g5 Bxh3 22. gxf6 Bxf6 23. Bg4 Bxe5 24. Bxh3 f5 25. e4 fxe4 26. Be6+ Kg7 27. Na4 Rf8 28. Nxc5 Rf4 29. Bc8 Nb5 30. Ne6+ 1-0

[Event "Clichy rapid op"]
[Site "Clichy"]
[Date "2019.06.23"]
[Round "2"]
[White "Le Roux, Jean Pierre"]
[Black "Roque, Gaetan"]
[Result "1-0"]
[WhiteElo "2542"]
[BlackElo "2048"]
[PlyCount "35"]
[EventDate "2019.06.23"]
[EventType "swiss (rapid)"]
[EventRounds "9"]
[EventCountry "FRA"]
[SourceTitle "CBM 191 Extra"]
[Source "ChessBase"]
[SourceDate "2019.09.30"]
[SourceVersion "1"]
[SourceVersionDate "2019.09.30"]
[SourceQuality "1"]

1. Nf3 Nf6 2. d4 d5 3. c4 dxc4 4. Qa4+ c6 5. Qxc4 Bf5 6. Nc3 Ne4 7. g3 e6 8. Bg2 Be7 9. 0-0 Nd7 10. e3 Nd6 11. Qe2 c5 12. Rd1 cxd4 13. Nxd4 Bg6 14. e4 e5 15. Ndb5 Nc8 16. Bh3 Ncb6 17. Nd5 0-0 18. Nxb6 1-0

[Event "FRA-ch U20"]
[Site "Hyeres"]
[Date "2019.04.20"]
[Round "8"]
[White "Roque, Gaetan"]
[Black "De Lussac, Rainier"]
[Result "1-0"]
[WhiteElo "2029"]
[BlackElo "2152"]
[PlyCount "71"]
[EventDate "2019.04.14"]
[EventType "swiss"]
[EventRounds "9"]
[EventCountry "FRA"]
[SourceTitle "CBM 190 Extra"]
[Source "ChessBase"]
[SourceDate "2019.07.15"]
[SourceVersion "1"]
[SourceVersionDate "2019.07.15"]
[SourceQuality "1"]

1. d4 Nf6 2. c4 e6 3. Nf3 Bb4+ 4. Nbd2 d6 5. a3 Bxd2+ 6. Qxd2 0-0 7. b4 Nbd7 8. Bb2 b6 9. g3 Bb7 10. Bg2 Ne4 11. Qc2 f5 12. 0-0 Qe8 13. d5 e5 14. Nh4 g6 15. Bxe4 fxe4 16. Qxe4 Qe7 17. Bc1 b5 18. Bh6 Rf7 19. Rad1 Nf6 20. Qc2 c6 21. Bg5 Kg7 22. e4 bxc4 23. dxc6 Bxc6 24. Qxc4 Bb7 25. Qd3 h6 26. Bxf6+ Rxf6 27. Ng2 Raf8 28. Ne3 Qd7 29. Nc4 Ba6 30. Qd5 Qb5 31. Qxb5 Bxb5 32. Rc1 Rf3 33. a4 Bxa4 34. Nxd6 Rd8 35. Rc7+ Kf6 36. Rf7+ 1-0

[Event "FRA-ch U18"]
[Site "Gonfreville"]
[Date "2016.??.??"]
[Round "6"]
[White "Philippe, Guillaume"]
[Black "Roque, Gaetan"]
[Result "1/2-1/2"]
[WhiteElo "2295"]
[BlackElo "2044"]
[PlyCount "82"]
[EventDate "2016.04.22"]
[EventType "swiss"]
[EventRounds "9"]
[EventCountry "FRA"]
[SourceTitle "EXT 2019"]
[Source "ChessBase"]
[SourceDate "2018.10.10"]
[SourceVersion "1"]
[SourceVersionDate "2018.10.10"]
[SourceQuality "1"]

1. f4 Nf6 2. Nf3 c5 3. g3 e6 4. Bg2 Nc6 5. 0-0 Be7 6. d3 d5 7. Qe1 b6 8. e4 Qc7 9. c4 dxe4 10. dxe4 Bb7 11. e5 Nd7 12. Nc3 a6 13. f5 0-0-0 14. Bf4 h6 15. Rd1 Rhe8 16. h4 Nd4 17. fxe6 fxe6 18. h5 Bc6 19. Nxd4 cxd4 20. Nd5 exd5 21. cxd5 Bb5 22. e6 Bd6 23. exd7+ Qxd7 24. Qd2 Bxf1 25. Rxf1 Qe7 26. Qc2+ Kb8 27. Qa4 Bxf4 28. Rxf4 Qe1+ 29. Kh2 Re3 30. Rg4 Qe2 31. Qxd4 Re6 32. Qxg7 Rxd5 33. Qg8+ Kc7 34. Rg7+ Rd7 35. Rxd7+ Kxd7 36. Qf7+ Kd6 37. Qf8+ Kd7 38. Qg7+ Kd6 39. Qd4+ Ke7 40. Qg7+ Kd6 41. Qf8+ Kc7 1/2-1/2

[Event "Small Paris-ch"]
[Site "Paris"]
[Date "2015.07.09"]
[Round "4"]
[White "Roque, Gaetan"]
[Black "Msellek, Ilyass"]
[Result "0-1"]
[WhiteElo "2087"]
[BlackElo "2148"]
[PlyCount "54"]
[EventDate "2015.07.06"]
[EventType "swiss"]
[EventRounds "7"]
[EventCountry "FRA"]
[SourceTitle "EXT 2016"]
[Source "ChessBase"]
[SourceDate "2015.10.08"]
[SourceVersion "1"]
[SourceVersionDate "2015.10.08"]
[SourceQuality "1"]

1. d4 Nf6 2. c4 g6 3. Nc3 Bg7 4. e4 d6 5. Be2 0-0 6. Nf3 Na6 7. Be3 e5 8. d5 Nh5 9. Nd2 Nf4 10. Bf1 f5 11. g3 Nxd5 12. exd5 f4 13. Nde4 fxe3 14. fxe3 c6 15. Qe2 cxd5 16. Nxd5 Bf5 17. Ndc3 Qb6 18. 0-0-0 Bh6 19. Re1 Nb4 20. Bg2 Rac8 21. a3 Nc6 22. g4 Nd4 23. Qd1 Bxe4 24. Bxe4 Rf2 25. Na4 Rxc4+ 26. Kb1 Bxe3 27. Re2 Qd8 0-1

[Event "Small Paris-ch"]
[Site "Paris"]
[Date "2015.07.08"]
[Round "3"]
[White "Gromovs, Sergejs"]
[Black "Roque, Gaetan"]
[Result "1/2-1/2"]
[WhiteElo "2123"]
[BlackElo "2087"]
[PlyCount "80"]
[EventDate "2015.07.06"]
[EventType "swiss"]
[EventRounds "7"]
[EventCountry "FRA"]
[SourceTitle "EXT 2016"]
[Source "ChessBase"]
[SourceDate "2015.10.08"]
[SourceVersion "1"]
[SourceVersionDate "2015.10.08"]
[SourceQuality "1"]

1. c4 Nf6 2. d4 d5 3. Nf3 dxc4 4. e3 e6 5. Bxc4 a6 6. 0-0 c5 7. Nc3 b5 8. Bb3 Bb7 9. Qe2 Nbd7 10. Rd1 Qb8 11. d5 c4 12. dxe6 fxe6 13. Bc2 Bd6 14. e4 0-0 15. Rxd6 Qxd6 16. e5 Bxf3 17. exd6 Bxe2 18. Nxe2 Nd5 19. Bg5 Nc5 20. Nd4 Nb4 21. Re1 Nxc2 22. Nxc2 h6 23. Be7 Rfe8 24. Nd4 Kf7 25. f4 Rxe7 26. dxe7 Kxe7 27. f5 Kf6 28. fxe6 Re8 29. Re3 Nxe6 30. a4 Nc7 31. Rxe8 Nxe8 32. axb5 axb5 33. Nxb5 Ke5 34. Kf2 Nf6 35. Ke2 Nd5 36. Kd2 h5 37. Na3 Kd4 38. Nc2+ Ke4 39. Na3 Kd4 40. Nc2+ Ke4 1/2-1/2

[Event "Agneaux St Lo op U20 16th"]
[Site "Agneaux"]
[Date "2014.07.10"]
[Round "6"]
[White "Gennesseaux, Blaise"]
[Black "Roque, Gaetan"]
[Result "0-1"]
[WhiteElo "1662"]
[BlackElo "1925"]
[PlyCount "74"]
[EventDate "2014.07.06"]
[EventType "swiss"]
[EventRounds "9"]
[EventCountry "FRA"]
[SourceTitle "EXT 2015"]
[Source "ChessBase"]
[SourceDate "2014.11.20"]
[SourceVersion "1"]
[SourceVersionDate "2014.11.20"]
[SourceQuality "1"]

1. e4 Nf6 2. e5 Nd5 3. d4 d6 4. exd6 cxd6 5. c4 Nb6 6. Nf3 g6 7. Nc3 Bg7 8. Be2 0-0 9. 0-0 Nc6 10. Be3 Bg4 11. b3 d5 12. c5 Nc8 13. Qd2 e6 14. h3 Bxf3 15. Bxf3 N8e7 16. Rfd1 Nf5 17. Ne2 Nh4 18. Bg4 Bf6 19. Ng3 Nf5 20. Nxf5 exf5 21. Bf3 f4 22. Bxf4 Nxd4 23. Rac1 Nxf3+ 24. gxf3 d4 25. Qb4 Qd7 26. Kg2 Qc6 27. Rc4 Rfe8 28. Bc1 Rad8 29. Bb2 Re5 30. Rd3 Rg5+ 31. Kf1 Qc8 32. Bxd4 Qxh3+ 33. Ke2 Rg1 34. Rd1 Rxd1 35. Kxd1 Qh4 36. Qxb7 Rxd4+ 37. Ke1 Qh1+ 0-1